000 01476cam a22003857a 4500
003 CHAP
005 20220329134109.0
008 971013s1963 r 00010 d
010 _a15309
011 _a16281
035 _a20360
040 _cCHAP
082 _a338.54
_bH5 1963
100 0 0 _aHicks, John Richard.
_955165
245 1 4 _aUna aportación a la teoría del ciclo económico
250 _a3 ed.
260 _aMadrid :
_bAguilar,
_c1963
300 _a268 p.
490 0 _aBiblioteca de Ciencias Sociales
590 _aBATCH-UPD
_b10
_c20130110
_lUCH01
_h1946
590 _aBATCH-UPD
_b10
_c20130410
_lUCH01
_h1308
590 _aBATCH-UPD
_b10
_c20130914
_lUCH01
_h0933
590 _aCONVERSION
_b10
_c20130109
_lUCH01
_h1310
650 1 4 _aCiclos económicos.
_923078
830 0 _aBiblioteca de Ciencias Sociales
_912278
901 _aBK
942 _cLIBRO
949 _a338.54 H5 1963
_bBC
_cLIBRO
_d-47495
_eLIBRO
_fc.2
_h6190
_i20360
_mD
_si
949 _a338.54 H5 1963
_bBC
_cLIBRO
_d33724000419438
_eLIBRO
_fc.5
_h6193
_i20360
_si
949 _a338.54 H5 1963
_bBC
_cLIBRO
_d33724000419446
_eLIBRO
_fc.3
_h6191
_i20360
_mD
_si
949 _a338.54 H5 1963
_bBC
_cLIBRO
_d33724000419453
_eLIBRO
_h6189
_i20360
_mD
_si
949 _a338.54 H5 1963
_bBC
_cLIBRO
_d33724000419628
_eLIBRO
_fc.8
_h6196
_i20360
_mD
_si
949 _a338.54 H5 1963
_bBC
_cLIBRO
_d33724000419636
_eLIBRO
_fc.7
_h6195
_i20360
_mD
_si
949 _a338.54 H5 1963
_bBC
_cLIBRO
_d33724000419644
_eLIBRO
_fc.6
_h6194
_i20360
_mD
_si
999 _c15309
_d15309